| Поле | Название | Значение |
| |
Тип записи |
a |
| |
Библиографический уровень |
m |
| 001 |
Контрольный номер |
UONB/MAIN/aabbf1d5ea2f4a1c85ffa1dcb5dedb17 |
| 005 |
Дата корректировки |
20260429164257.8 |
| 010 |
Индекс ISBN |
__ |
| d |
Цена |
31 к. |
| 9 |
Тираж |
50000 экз. |
| 100 |
Данные общей обработки |
__ |
| a |
Данные общей обработки |
20260429d1970 u y0rusy0189 ca |
| 101 |
Язык документа |
0_ |
| a |
Язык текста |
rus |
| 102 |
Страна публикации |
__ |
| a |
Страна публикации |
RU |
| 105 |
Кодированные данные (монография) |
__ |
| a |
Кодированные данные (монография) |
a z 000yy |
| 200 |
Заглавие и сведения об ответственности |
1_ |
| a |
Заглавие |
В лесах Волыни |
| e |
Сведения, относящиеся к заглавию |
записки партизана |
| f |
Первые сведения об ответственности |
Г. Г. Шушканов |
| 203 |
Вид содержания и тип средства |
__ |
| a |
Вид содержания |
Текст |
| b |
Характеристика содержания |
визуальный |
| c |
Тип средства |
непосредственный |
| 210 |
Выходные данные |
1_ |
| a |
Место издания |
Москва |
| c |
Издательство |
Советская Россия |
| d |
Дата издания |
1970 |
| 215 |
Физическое описание |
__ |
| a |
Объем |
189 с. |
| c |
Иллюстрации/тип воспроизводства |
ил. |
| d |
Формат |
20 см |
| 606 |
Тематические рубрики |
0_ |
| a |
Основная рубрика |
ПАРТИЗАНСКОЕ ДВИЖЕНИЕ В ВЕЛИКОЙ ОТЕЧЕСТВЕННОЙ ВОЙНЕ 1941-1945 ГГ. |
| y |
Географическая подрубрика |
Волынская область |
| j |
Формальный подзаголовок |
Воспоминания и записки |
| 606 |
Тематические рубрики |
0_ |
| a |
Основная рубрика |
Украинские буржуазные националисты |
| 610 |
Ключевые слова |
0_ |
| a |
Ключевые слова |
украинские буржуазные националисты; партизанское движение; партизанское движение 1941-1945 гг.; партизанское движение 1941-1945 гг. на Украине |
| 675 |
Индекс УДК |
__ |
| a |
Индекс УДК |
9(С)275(С2) |
| 700 |
Автор |
_1 |
| a |
Фамилия |
Шушканов |
| b |
Имя (инициалы) |
Г. Г. |
| g |
Полное личное имя |
Геннадий Григорьевич |
| 801 |
Источник записи |
_0 |
| a |
Страна |
RU |
| b |
Организация |
Ульяновская ОНБ |
| c |
Дата составления |
20260429 |
| g |
Правила каталогизации |
RCR |
| 801 |
Источник записи |
_1 |
| a |
Страна |
RU |
| b |
Организация |
Ульяновская ОНБ |
| c |
Дата составления |
20260429 |
| g |
Правила каталогизации |
RCR |
| 901 |
Тип документа |
__ |
| t |
Тип документа |
m |
| 909 |
Создатель записи |
__ |
| a |
Создатель записи |
Мичурина |
| b |
Дата создания записи |
20260429 |